Semiconductor optoelectronic devices / (Record no. 14927)

MARC details
000 -LEADER
fixed length control field 00727cam a2200241 a 4500
001 - CONTROL NUMBER
control field TB12481
003 - CONTROL NUMBER IDENTIFIER
control field IN-BhIIT
005 - DATE AND TIME OF LATEST TRANSACTION
control field 20260427173954.0
008 - FIXED-LENGTH DATA ELEMENTS--GENERAL INFORMATION
fixed length control field 960827s1997 njua b 001 0 eng
020 ## - INTERNATIONAL STANDARD BOOK NUMBER
ISBN 9789332587410
040 ## - CATALOGING SOURCE
Original cataloging agency IN-BhIIT
041 ## - LANGUAGE CODE
Language code of text eng
082 00 - DEWEY DECIMAL CLASSIFICATION NUMBER
Classification number 621.38152
Book number BHA/S
100 1# - MAIN ENTRY--AUTHOR NAME
Personal name Bhattacharya, Pallab.
Relator term Author
245 10 - TITLE STATEMENT
Title Semiconductor optoelectronic devices /
Statement of responsibility, etc by Pallab Bhattacharya.
250 ## - EDITION STATEMENT
Edition statement 2nd ed.
260 ## - PUBLICATION, DISTRIBUTION, ETC. (IMPRINT)
Place of publication Noida :
Name of publisher Pearson India Education Services,
Year of publication 2024.
300 ## - PHYSICAL DESCRIPTION
Number of Pages xviii, 641 p. :
Other physical details(ill.) ill. ;
Dimensions(size) 24 cm.
504 ## - BIBLIOGRAPHY, ETC. NOTE
Bibliography, etc Includes bibliographical references and index.
650 #0 - SUBJECT ADDED ENTRY--TOPICAL TERM
Topical Term Optoelectronic devices.
Topical Term Semiconductors.
942 ## - ADDED ENTRY ELEMENTS (KOHA)
Koha item type Text Book
Koha issues (borrowed), all copies 1
Holdings
Withdrawn status Lost status Damaged status Not for loan Collection code Home library Current library Date acquired Source of acquisition Cost, normal purchase price Full call number Accession Number Cost, replacement price Price effective from Koha item type
Not withdrawn Not Lost not damaged   SBS Central Library, IIT Bhubaneswar Central Library, IIT Bhubaneswar 13/03/2025 33 656.25 621.38152 BHA/S TB12483 875.00 13/03/2025 Text Book
Not withdrawn Not Lost not damaged   SBS Central Library, IIT Bhubaneswar Central Library, IIT Bhubaneswar 13/03/2025 33 656.25 621.38152 BHA/S TB12482 875.00 13/03/2025 Text Book
Not withdrawn Not Lost not damaged   SBS Central Library, IIT Bhubaneswar Central Library, IIT Bhubaneswar 13/03/2025 33 656.25 621.38152 BHA/S TB12481 875.00 13/03/2025 Text Book

Central Library, Indian Institute of Technology Bhubaneswar, 4th Floor, Administrative Building, Argul, Khordha, PIN-752050, Odisha, India
Phone: +91-674-7138750 | Email: circulation.library@iitbbs.ac.in (For circulation related queries),
Email: info.library@iitbbs.ac.in (For other queries)